[Event "POL-ch Teachers"]
[Site "Krakow"]
[Date "2010.06.05"]
[Round "8.4"]
[White "Pacuszka, Tomasz"]
[Black "Bujak, Jozef"]
[Result "1-0"]
[WhiteElo "2295"]
[BlackElo "1926"]
[PlyCount "53"]
[EventDate "2010.06.03"]
[EventType "swiss"]
[EventRounds "9"]
[EventCountry "POL"]
[SourceTitle "EXT 2023"]
[Source "ChessBase"]
[SourceDate "2022.10.05"]
[SourceVersion "1"]
[SourceVersionDate "2022.10.05"]
[SourceQuality "1"]

1. Nf3 Nf6 2. g3 g6 3. Bg2 Bg7 4. 0-0 0-0 5. c4 d5 6. d4 c6 7. Nc3 dxc4 8. a4 Nbd7 9. e4 a5 10. Qe2 Nb6 11. h3 h6 12. Rd1 Be6 13. Be3 Qc7 14. Rac1 Kh7 15. Nd2 Rad8 16. f4 Nh5 17. Qf2 Nc8 18. g4 Nf6 19. f5 gxf5 20. gxf5 Bd7 21. Nxc4 Be8 22. Bf4 Nd6 23. e5 Nxc4 24. exf6 Nd6 25. fxg7 Rg8 26. f6 exf6 27. Nd5 1-0

[Event "POL-ch Teachers"]
[Site "Krakow"]
[Date "2010.06.04"]
[Round "5.7"]
[White "Ruggiero, Janusz"]
[Black "Bujak, Jozef"]
[Result "0-1"]
[WhiteElo "1669"]
[BlackElo "1926"]
[PlyCount "44"]
[EventDate "2010.06.03"]
[EventType "swiss"]
[EventRounds "9"]
[EventCountry "POL"]
[SourceTitle "EXT 2023"]
[Source "ChessBase"]
[SourceDate "2022.10.05"]
[SourceVersion "1"]
[SourceVersionDate "2022.10.05"]
[SourceQuality "1"]

1. d4 Nf6 2. c4 g6 3. Nc3 d5 4. Nf3 Bg7 5. e3 0-0 6. Bd3 c5 7. b3 cxd4 8. exd4 Nc6 9. h3 dxc4 10. Bxc4 Qa5 11. Bd2 Qf5 12. 0-0 Rd8 13. Be3 e5 14. g4 Nxg4 15. hxg4 Qxg4+ 16. Kh1 exd4 17. Bg5 Qh5+ 18. Kg1 Bg4 19. Ne4 Bxf3 20. Ng3 Qg4 21. Be2 Bxe2 22. Qxe2 Qxg5 0-1

[Event "POL-ch Teachers"]
[Site "Krakow"]
[Date "2010.06.03"]
[Round "1.2"]
[White "Bielczyk, Jacek"]
[Black "Bujak, Jozef"]
[Result "1-0"]
[WhiteElo "2301"]
[BlackElo "1926"]
[PlyCount "95"]
[EventDate "2010.06.03"]
[EventType "swiss"]
[EventRounds "9"]
[EventCountry "POL"]
[SourceTitle "EXT 2023"]
[Source "ChessBase"]
[SourceDate "2022.10.05"]
[SourceVersion "1"]
[SourceVersionDate "2022.10.05"]
[SourceQuality "1"]

1. e4 Nf6 2. e5 Nd5 3. d4 d6 4. Nf3 Bg4 5. Be2 e6 6. 0-0 Be7 7. h3 Bh5 8. c4 Nb6 9. Nc3 0-0 10. Be3 d5 11. cxd5 Nxd5 12. Qb3 Nb6 13. a4 a5 14. Rfd1 Qc8 15. Rac1 Nc6 16. Ne4 Nb4 17. Bg5 Bxg5 18. Nexg5 c6 19. Ne4 Qd7 20. Qe3 Qe7 21. b3 N6d5 22. Qd2 Rad8 23. Nh2 Bxe2 24. Qxe2 Qh4 25. Nd6 Rd7 26. Rd2 f5 27. Nc4 b6 28. Nf1 f4 29. Nh2 g5 30. Nd6 Rg7 31. Ne4 Qh6 32. Ng4 Qg6 33. Ngf6+ Kh8 34. Qg4 Nc7 35. Re1 Nbd5 36. Nh5 Rgg8 37. Nef6 Nxf6 38. Nxf6 Rg7 39. Rc1 Nd5 40. Rxc6 f3 41. Qxf3 Nxf6 42. exf6 Rxf6 43. Rc8+ Rg8 44. Rxg8+ Kxg8 45. Qe3 Kf7 46. Rd3 Rf5 47. Rc3 b5 48. Rc7+ 1-0

[Event "Eger Agria op"]
[Site "Eger"]
[Date "2009.07.23"]
[Round "3"]
[White "Kovacs, Lajos D"]
[Black "Bujak, Jozef"]
[Result "1/2-1/2"]
[WhiteElo "2166"]
[BlackElo "1949"]
[PlyCount "68"]
[EventDate "2009.07.22"]
[EventType "swiss"]
[EventRounds "7"]
[EventCountry "HUN"]
[SourceTitle "EXT 2011"]
[Source "ChessBase"]
[SourceDate "2010.11.26"]
[SourceVersion "1"]
[SourceVersionDate "2010.11.26"]
[SourceQuality "1"]

1. d4 Nf6 2. c4 g6 3. Nc3 d5 4. cxd5 Nxd5 5. e4 Nxc3 6. bxc3 Bg7 7. Bc4 c5 8. Ne2 Nc6 9. Be3 0-0 10. 0-0 Qc7 11. Rc1 Rd8 12. Qc2 Na5 13. Bb3 Nxb3 14. Qxb3 b6 15. Rfd1 e6 16. Bf4 Qe7 17. dxc5 Rxd1+ 18. Rxd1 e5 19. Be3 Be6 20. Qb5 Rc8 21. cxb6 axb6 22. Qxb6 Bxa2 23. f3 Bf8 24. Qa6 Be6 25. Rc1 Qd7 26. Kf2 Bc4 27. Qf6 Bg7 28. Qb6 h6 29. Qb2 Kh7 30. Ra1 Rc7 31. Qb4 Qd3 32. Qb2 Rd7 33. Rc1 Bf8 34. Qc2 Qd6 1/2-1/2

[Event "Eger Agria op"]
[Site "Eger"]
[Date "2009.07.22"]
[Round "1"]
[White "Bujak, Jozef"]
[Black "Vukovic, Ivo"]
[Result "0-1"]
[WhiteElo "1949"]
[BlackElo "2261"]
[PlyCount "52"]
[EventDate "2009.07.22"]
[EventType "swiss"]
[EventRounds "7"]
[EventCountry "HUN"]
[SourceTitle "EXT 2011"]
[Source "ChessBase"]
[SourceDate "2010.11.26"]
[SourceVersion "1"]
[SourceVersionDate "2010.11.26"]
[SourceQuality "1"]

1. d4 Nf6 2. c4 e6 3. Nc3 Bb4 4. e3 0-0 5. Bd3 d6 6. Nge2 e5 7. 0-0 c6 8. a3 Ba5 9. b4 Bc7 10. Bb2 Nbd7 11. Qc2 Re8 12. Ng3 Nf8 13. Nce2 Qe7 14. Qc3 Ng6 15. Rad1 e4 16. Bc2 d5 17. Bb3 h5 18. Rfe1 h4 19. Nf1 h3 20. Neg3 hxg2 21. Kxg2 Nh4+ 22. Kh1 Qd7 23. Qc2 Qh3 24. f4 exf3 25. cxd5 Qg2+ 26. Qxg2 fxg2+ 0-1

[Event "POL-ch Teachers"]
[Site "Krakow"]
[Date "2008.05.23"]
[Round "4.9"]
[White "Bujak, Jozef"]
[Black "Czyzykiewicz, Rafal"]
[Result "1/2-1/2"]
[WhiteElo "1971"]
[BlackElo "1817"]
[PlyCount "64"]
[EventDate "2008.05.22"]
[EventType "swiss"]
[EventRounds "9"]
[EventCountry "POL"]
[SourceTitle "EXT 2023"]
[Source "ChessBase"]
[SourceDate "2022.10.05"]
[SourceVersion "1"]
[SourceVersionDate "2022.10.05"]
[SourceQuality "1"]

1. d4 d5 2. c4 e6 3. Nc3 Nf6 4. Bg5 Nbd7 5. e3 c6 6. Nf3 Qa5 7. Nd2 Bb4 8. Bxf6 Nxf6 9. Qc2 c5 10. Nb3 Qc7 11. dxc5 Bxc5 12. cxd5 Bb4 13. Bb5+ Ke7 14. dxe6 Bxc3+ 15. bxc3 Bxe6 16. 0-0 Rhd8 17. Be2 Rac8 18. Qb2 a6 19. Rac1 Kf8 20. Bf3 Bd5 21. Nd4 Bxf3 22. Nxf3 Rd3 23. c4 Rcd8 24. c5 Ne4 25. Qb4 Qe7 26. Nd4 g6 27. a4 Kg8 28. Qb6 Rd7 29. c6 bxc6 30. Qxa6 Rd2 31. Qxc6 Nxf2 32. Qf3 Ne4 1/2-1/2

[Event "POL-ch Teachers"]
[Site "Krakow"]
[Date "2008.05.22"]
[Round "2.5"]
[White "Bujak, Jozef"]
[Black "Mazalon, Mariusz"]
[Result "0-1"]
[WhiteElo "1971"]
[BlackElo "2148"]
[PlyCount "44"]
[EventDate "2008.05.22"]
[EventType "swiss"]
[EventRounds "9"]
[EventCountry "POL"]
[SourceTitle "EXT 2023"]
[Source "ChessBase"]
[SourceDate "2022.10.05"]
[SourceVersion "1"]
[SourceVersionDate "2022.10.05"]
[SourceQuality "1"]

1. d4 g6 2. c4 Bg7 3. Nc3 d6 4. e4 Nd7 5. Nf3 e5 6. Be2 Ngf6 7. dxe5 dxe5 8. 0-0 0-0 9. Bg5 h6 10. Bh4 c6 11. b4 Qc7 12. Nd2 Rd8 13. Qc2 Nf8 14. c5 Ne6 15. Bc4 Nd4 16. Qb2 Be6 17. Bxe6 Nxe6 18. f3 Nf4 19. a3 Qd7 20. Nb3 Qe6 21. Rad1 Qc4 22. Na5 Qxc3 0-1